| 000 | 01249nac a22002651u 4500 | ||
|---|---|---|---|
| 008 | 110517s2004 mau|||||r|||| 001 0 eng d | ||
| 010 | _a 2004270843 | ||
| 020 | _a0750677066 | ||
| 020 | _a9780750677066 | ||
| 035 | _a(OCoLC)ocm53389404 | ||
| 082 | 0 | 0 |
_a622.3382 _bCHA _222 |
| 100 |
_aChaudhry, Amanat U. _923882 |
||
| 245 | 1 | 0 |
_aOil Well Testing Handbook / _cAmanat U. Chaudhry. |
| 260 |
_aBurlington, MA : _bGulf Professional Pub.,2004 _cc2004. |
||
| 300 |
_axvii, 670 p. : _bill. ; _c24 cm. |
||
| 504 | _aIncludes bibliographical reference (p. 645-659) and index. | ||
| 511 | _acatalogued by: wessam | ||
| 650 | 0 |
_aOil wells _xTesting. _923883 |
|
| 653 | _bpet | ||
| 856 | 4 | 1 |
_3Table of contents _uhttp://www.loc.gov/catdir/toc/els051/2004270843.html |
| 856 | 4 | 1 |
_3Publisher description _uhttp://www.loc.gov/catdir/description/els051/2004270843.html |
| 942 |
_cBB _k622.3382CHA _2ddc |
||
| 999 |
_c6295 _d6295 |
||